=LDR 00000nam 2200000 4500 =001 INLIS000000000037779 =005 20140702115725.0 =006 =007 =008 Ind =035 ##$$a 0010-061300000037779 =041 ##$$a Ind =082 ##$$a 641.5 =090 ##$$a 641.5, Sim m =100 ##$$a Simatupang, Lely =245 ##$$a Menu 30 hari rumahan ala chep, Lely Simatupang =260 ##$$a 2009 $b jakarta =300 ##$$a vi, 94 hlm, 23 cm =650 ##$$a Masakan resep =850 ##$$a NBPNMAT =990 ##$$a 0001/BPAP-NTB/20142014